| Tag |
First Indicator |
Second Indicator |
Subfields |
| LEADER |
00000cam a2200000 a 4500 |
| 001 |
in00000030204 |
| 005 |
20151007060231.0 |
| 008 |
870904s1988 coubf b 00100 eng |
| 010 |
|
|
|a 87026849
|
| 020 |
|
|
|a 0931477840 (lib. bdg. : alk. paper) :
|c $26.50
|
| 035 |
|
|
|a (OCoLC)16832733
|
| 035 |
|
|
|9 AAC0355AM
|
| 040 |
|
|
|a DLC
|c DLC
|d OCL
|d TXA
|d UtOrBLW
|
| 043 |
|
|
|a f------
|
| 049 |
|
|
|a TXAM
|c [A11090609]
|
| 050 |
0 |
0 |
|a HD9017.A2
|b C65 1988
|
| 070 |
0 |
|
|a HD9017.A43C65
|
| 072 |
|
0 |
|a E300
|
| 082 |
0 |
|
|a 338.1/9/6
|2 19
|
| 245 |
0 |
0 |
|a Coping with Africa's food crisis /
|c edited by Naomi Chazan and Timothy M. Shaw.
|
| 264 |
|
1 |
|a Boulder :
|b L. Rienner,
|c 1988.
|
| 300 |
|
|
|a xi, 250 pages, 1 unnumbered leaf of plates :
|b map ;
|c 24 cm.
|
| 336 |
|
|
|a text
|b txt
|2 rdacontent
|
| 337 |
|
|
|a unmediated
|b n
|2 rdamedia
|
| 338 |
|
|
|a volume
|b nc
|2 rdacarrier
|
| 490 |
1 |
|
|a Food in Africa series
|
| 504 |
|
|
|a Includes bibliographies and index.
|
| 650 |
|
0 |
|a Food supply
|x Government policy
|z Africa
|x Case studies.
|
| 650 |
|
0 |
|a Agriculture and state
|z Africa
|x Case studies.
|
| 700 |
1 |
|
|a Chazan, Naomi,
|d 1946-
|
| 700 |
1 |
|
|a Shaw, Timothy M.
|
| 830 |
|
0 |
|a Food in Africa series.
|
| 999 |
|
|
|a MARS
|
| 999 |
f |
f |
|s f268d518-a585-333e-9cbb-67eaafe3f480
|i 91466cae-2f41-32b3-b47d-12c9c632f3cc
|t 0
|
| 952 |
f |
f |
|p ric
|a Texas A&M University
|b Rellis Campus
|c Joint Library Facility
|d Remote Storage
|t 0
|e HD9017.A2 C65 1988
|h Library of Congress classification
|i unmediated -- volume
|m A14811090609
|
| 998 |
f |
f |
|a HD9017.A2 C65 1988
|t 0
|l Remote Storage
|